000 01206nam0a22002891 4500
001 rc\4448306
005 20130416161358.0
021 _aRU
_b[58-11440]
035 _a(NLR Aleph) 008585156
090 _a8609638
_c8609638
100 _a20130416d1958 |||y0rusy50 ca
101 0 _arus
102 _aRU
105 _ay z |||||
200 1 _aИнформационные жанры газеты
_e[Учеб. материал]
_fПод ред. доц. М.С. Черепахова
_gМоск. гос. ун-т им. М.В. Ломоносова. Фак. журналистики. Кафедра парт.-советской печати
210 _a[Москва]
_cБ. и.
_d1958
215 _a47 с.
_d20
333 _aНа правах рукописи
606 _aГазетные жанры
_2psbo
606 _aИнформация в газете
_2psbo
702 1 _aЧерепахов
_bМ. С.
_gМатвей Самойлович
_4340
712 0 2 _aМГУ им. М.В. Ломоносова
_bКафедра партийно-советской печати
_3RU\NLR\AUTH\889935834
801 0 _aRU
_bNLR
_gpsbo
801 1 _aRU
_bELAR
_2rusmarc
852 _aNLR
_j58-4/3827
942 _cBOOK
980 _aNB